| 000 | 00978nam a2200241 a 4500 | ||
|---|---|---|---|
| 999 |
_c12636 _d12636 |
||
| 001 | 12636 | ||
| 003 | BD-JhCC | ||
| 005 | 20230119134025.0 | ||
| 008 | 221024s2021 bg |||| |||| 000 0 ben d | ||
| 020 | _a9789849512721 | ||
| 035 | _a(BD-JhCC)12636 | ||
| 040 |
_aBD-JhCC _dBD-JhCC |
||
| 041 | _aBangla | ||
| 082 |
_a158.1 _bGAZ 2021 |
||
| 100 | _aআল গাজালি, মুহাম্মাদ | ||
| 245 |
_aরিল্যাক্স অ্যান্ড হ্যাপি : _bদুশ্চিন্তাহীন নতুন জীবনের খোঁজে / _cমুহাম্মাদ আল গাজালি; সাদিকুর রহমান খান (অনু.) |
||
| 260 |
_aঢাকা : _bগার্ডিয়ান, _c২০২১ |
||
| 300 |
_a১৯৭ পৃ. : _c২২ সেমি. |
||
| 650 | _aSelf motivation | ||
| 650 | _aRelaxing | ||
| 700 | _aখান, সাদিকুর রহমান | ||
| 942 |
_2ddc _cBK _01 |
||